000 01324nam a22002177a 4500
999 _c59640
_d59640
003 Ge_BSU
005 20230327161440.0
008 230327s2022 ge ||||| |||| 00| 0 geo d
020 _a9789941841552
041 _ageo
080 _a342.9(479.22)(076.5) ს-20
100 _aსალხინაშვილი, მაკა
_917287
245 _aპრაქტიკუმი ზოგად ადმინისტრაციულ სამართალსა და ადმინისტრაციულ საპროცესო სამართალში /
_cმაკა სალხინაშვილი; რედაქტორი ციალა ჩქარეული.
264 _a[თბილისი],
_c2022.
300 _a282 გვ. ;
_b20 სმ.
500 _aეძღვნება შვილებს - ქეთი, ნუცა და მათე შუბლაძეებს.
653 _aსაქართველოს ადმინისტრაციული სამართალი
653 _aსაქართველოს ადმინისტრაციული საპროცესო სამართალი
700 _aჩქარეული, ციალა
_eრედაქტორი
_917288
942 _2udc
_cBK